000 00900nam a2200289 i 4500
001 000021891
003 DO-SdBNP
005 20260129100936.0
007 ta
008 100914s1994 pr 000 0 spa d
040 _aDO-SdBNP
_bspa
_cBNPHU
_erda
041 _aspa
049 _aBNPD
082 4 _axxx
_bI58b
_222
100 1 _aInoa, Orlando,
_eautor
_95784
_4aut.
245 1 0 _aBibliografía haitiana en la República Dominicana /
_cOrlando Inoa.
264 1 _aSan Juan, Puerto Rico :
_bCentro de Investigaciones Hostóricas,
_c1994.
300 _a183 páginas ;
_c24 cm.
336 _atexto
_btxt
_2rdacontent
337 _asin mediación
_bn
_2rdamedia
338 _avolumen
_bnc
_2rdacarrier
490 1 _aBibliográfica OP-CIT
_v2
500 _aIncluye índice de autores citados
500 _aIncluye notas al pie de las páginas
590 _aInventariado, 2026/BT
942 _2ddc
_cLBS1
999 _c21389
_d21389